Managing diversity and inclusion in the real estate sector (Record no. 116294)

MARC details
000 -LEADER
fixed length control field 01059cam a22003015a 4500
001 - CONTROL NUMBER
control field L160242
008 - FIXED-LENGTH DATA ELEMENTS--GENERAL INFORMATION
fixed length control field 190524s2019 xxk f 000 0 eng d
020 ## - INTERNATIONAL STANDARD BOOK NUMBER
International Standard Book Number 9780429461507
035 ## - SYSTEM CONTROL NUMBER
System control number (Sirsi) u160242
041 0# - LANGUAGE CODE
Language code of text/sound track or separate title eng
050 04 - LIBRARY OF CONGRESS CALL NUMBER
Classification number 331.481333
100 1# - MAIN ENTRY--PERSONAL NAME
Personal name Clack, Amanda
245 00 - TITLE STATEMENT
Title Managing diversity and inclusion in the real estate sector
Medium [electronic resource]
260 ## - PUBLICATION, DISTRIBUTION, ETC.
Place of publication, distribution, etc. Abingdon
Name of publisher, distributor, etc. Routledge
Date of publication, distribution, etc. 2019
520 ## - SUMMARY, ETC.
Summary, etc. Provides guidance to and actions for professionals in the real estate and construciton sectors who want to make diversity and inclusion an inherent part of the culture of their organisaiton.
521 ## - TARGET AUDIENCE NOTE
Target audience note Advanced
590 ## - LOCAL NOTE (RLIN)
Local note NTK
650 24 - SUBJECT ADDED ENTRY--TOPICAL TERM
Topical term or geographic name entry element DIVERSITY
650 24 - SUBJECT ADDED ENTRY--TOPICAL TERM
Topical term or geographic name entry element INCLUSION
650 24 - SUBJECT ADDED ENTRY--TOPICAL TERM
Topical term or geographic name entry element EBOOK
651 #4 - SUBJECT ADDED ENTRY--GEOGRAPHIC NAME
Geographic name International
690 ## - LOCAL SUBJECT ADDED ENTRY--TOPICAL TERM (OCLC, RLIN)
Topical term or geographic name as entry element Commercial property
9 (RLIN) 6227
690 ## - LOCAL SUBJECT ADDED ENTRY--TOPICAL TERM (OCLC, RLIN)
Topical term or geographic name as entry element Construction management
9 (RLIN) 6230
690 ## - LOCAL SUBJECT ADDED ENTRY--TOPICAL TERM (OCLC, RLIN)
Topical term or geographic name as entry element Residential property
9 (RLIN) 6266
700 1# - ADDED ENTRY--PERSONAL NAME
Personal name Gabler, Judith
856 40 - ELECTRONIC LOCATION AND ACCESS
Uniform Resource Identifier <a href="https://www.vlebooks.com/">https://www.vlebooks.com/</a>
Public note View on VLEbooks. Logins for members only from [email protected]
942 ## - ADDED ENTRY ELEMENTS (KOHA)
Suppress in OPAC 0
Source of classification or shelving scheme Dewey Decimal Classification
Holdings
Withdrawn status Lost status Source of classification or shelving scheme Damaged status Not for loan Home library Current library Shelving location Date acquired Total Checkouts Full call number Barcode Date last seen Copy number Price effective from Koha item type
    Dewey Decimal Classification     London London Online 24/05/2019   ONLINE PUBLICAITON 160242-1001 06/08/2019 1 06/08/2019 Book
    Dewey Decimal Classification     London London Books 24/05/2019   331.481333 50014637 03/04/2024 1 06/08/2019 Book